| 000 | 00727am a2200277a 44500 | ||
|---|---|---|---|
| 003 | AR-BaBNM | ||
| 005 | 20251128211057.0 | ||
| 008 | 172020s1974 #AR|||||||||||000 | esp|| | ||
| 040 | _cAR-BaBNM | ||
| 100 | 1 | _aBalestra, René | |
| 245 | 1 | 0 | _aLas oligarquías zurdas |
| 260 |
_aBuenos Aires _bEdiciones Libera _c1974 |
||
| 300 | _a149 p. | ||
| 500 | _aContiene: dedicatoria del autor al Dr. Héctor Bravo | ||
| 650 | 4 | _aDEMOCRACIA | |
| 650 | 4 | _aIDEOLOGIAS POLITICAS | |
| 650 | 4 | _aSOCIALISMO | |
| 650 | 4 | _aPODER | |
| 650 | 4 | _aTOTALITARISMO | |
| 650 | 4 | _aCIENCIAS POLITICAS | |
| 650 | 4 | _aLIBERALISMO | |
| 650 | 4 | _aEDUCACION POLITICA | |
| 700 | 1 |
_aOrgaz, Alfredo _eprologuista |
|
| 942 | _cBK | ||
| 998 | _calicia | ||
| 999 |
_c18123 _d18123 |
||